000 01017nam a2200217 4500
001 81481
003 ES-MaACL
005 20230906174439.0
007 t|
008 041104s1919 sp ||||1| spa d
100 1 _aHuber, Eugen.
_964482
245 1 0 _aEstudios sobre la publicidad en el derecho privado /
_cpor Eugenio Huber ; traducción y notas de Enrique R. Ramos.
260 _aMadrid :
_bJunta para Ampliación de Estudios e Investigaciones Científicas, Centro de Estudios Históricos,
_c1919 (
_fEstanislao Maestre)
300 _a140 p. ;
_c23 cm.
505 8 _aContiene: V. I: Los derechos reales en el Derecho Privado suizo. -- V. II: Los preceptos de forma en el Derecho Privado suizo
594 _aPrecede al tít.: Junta para ampliación de estudios e investigaciones científicas. Centro de Estudios Histórico s.
650 4 _aDerecho civil-
_zSuiza.
_9163297
700 1 _aRamos Ramos, Enrique.
_995348
710 2 _aCentro de Estudios Históricos (1910-1939)
_92638
852 _aES-MaACL
_jB-13378
999 _c81481
_d81481